000 00298nam a22001337a 4500
008 181221b xxu||||| |||| 00| 0 eng d
020 _a9780972577021
041 _aeng
080 _27th
_a338
100 _a54
101 _aMEN
245 _aSuccessful Manager's
_cGebelein,S.H
942 _2udc
_cBK
999 _c53655
_d53655